• 首页
  • 本馆介绍
  • 公告通知
  • 最新文献
  • 馆藏检索
  • 电子资源
  • 读者导购
  • 参考咨询
  • 我的图书馆
  • 登录
  • 详细信息显示
  • 放入我的书架
  • 预约/预借图书
  • 作者相关作品
  • 分类相关作品
  • 丛书相关作品
  • 出版社相关作品

书目信息

  • 表格格式
  • 工作单格式
  • 卡片格式
题名:
突围
    
 
作者: 陈若曦 著
分册:  
出版信息: 北京   友谊出版公司  1983
页数: 164页
开本: 21cm
丛书名:
单 册:
中图分类: I711.4
科图分类:
主题词: 中篇小说--中国--现代 , 文学
电子资源:
ISBN:
000 00624nam0 2200253 45
001 0183001901
005 20040418094919.4
010    @dCNY0.98
091    @a10309.3
100    @a19950512d1983 em y0chiy0121 ea
101 0  @achi
102    @aCN@b110000
105    @af z 000ay
106    @ar
200 10 @a突围@Atu wei@f陈若曦著
210    @a北京@c友谊出版公司@d1983
215    @a164页@c插图@d21cm
606    @a中篇小说@y中国@z现代
606 0  @a文学
690    @aI711.4
701  0 @a陈若曦@Achen ruo xi@4著
801  0 @aCN@b上海图书馆@c20040418
801  2 @aCN@bNLC@c20040418
905    @f4@b99391-394@dI711.4@e8
    
    突围/陈若曦著.-北京:友谊出版公司,1983
    164页:插图;21cm
    
    
    ISBN :CNY0.98
    
●
相关链接 在E读中查询图书 在五车中查询图书 在当当中查询图书 在豆瓣中查询图书


正题名:突围     索取号:I711.4/8         预约/预借

序号 登录号 条形码 馆藏地/架位号 状态 备注
1 0099391   000127614   第二借阅区/ [索取号:I711.4/8] 在馆    
2 0099392   000060230   第二借阅区/ [索取号:I711.4/8] 在馆    
3 0099393   000127650   第二借阅区/ [索取号:I711.4/8] 在馆    
4 0099394   000127632   第二借阅区/ [索取号:I711.4/8] 在馆    
5 0099395   000127641   第一样本阅览室/ [索取号:I711.4/8] 在馆    
唐山师范学院图书馆 欢迎您!
大连网信软件有限公司© 版权所有